000
00233nam a22000857a 4500
008
221104b |||||||| |||| 00| 0 eng d
100
_a
Oswaal
_9
7599
245
_a
CBSE QUESTION BANK (OSWAAL) SOCIAL SCIENCE-10
260
_a
New Delhi
_b
Oswaal
999
_c
12134
_d
12134